[Event "Open Tournament for SM Members #2"]
[Site "SchemingMind.com"]
[Date "2007.04.24"]
[Round "-"]
[White "ekulrac"]
[Black "Troglodyte"]
[Result "1-0"]
[WhiteCountry "SCO"]
[BlackCountry "USA"]
[WhiteElo "1728"]
[WhiteRD "65"]
[BlackElo "1725"]
[BlackRD "108"]
[GameID "102286"]

1. e4 c5 2. Bc4 d6 3. Nf3 Nf6 4. e5 dxe5 5. Nxe5 e6 6. O-O Be7 7. Nc3 Nbd7 8. f4 Nxe5 9. fxe5 Qd4+ 10. Kh1 Qxc4
11. exf6 Bxf6 12. d3
1-0

[Event "Open Tournament for SM Members #2"]
[Site "SchemingMind.com"]
[Date "2007.04.24"]
[Round "-"]
[White "Troglodyte"]
[Black "ekulrac"]
[Result "0-1"]
[WhiteCountry "USA"]
[BlackCountry "SCO"]
[WhiteElo "1725"]
[WhiteRD "108"]
[BlackElo "1728"]
[BlackRD "65"]
[GameID "102287"]

1. d4 e6 2. e4 c5 3. Nf3 d5 4. exd5 exd5 5. Bb5+ Nc6 6. O-O Be7 7. Re1 Be6 8. dxc5 Bxc5 9. Nd4 Ne7 10. Nxe6 fxe6
11. Rxe6 Bxf2+
0-1

[Event "Open Tournament for SM Members #2"]
[Site "SchemingMind.com"]
[Date "2007.04.24"]
[Round "-"]
[White "smothered mate"]
[Black "ekulrac"]
[Result "1-0"]
[WhiteCountry "POL"]
[BlackCountry "SCO"]
[WhiteElo "1901"]
[WhiteRD "79"]
[BlackElo "1520"]
[BlackRD "63"]
[GameID "102324"]

1. e4 Nc6 2. d4 e5 3. Nf3 exd4 4. Bc4 Nf6 5. e5 d5 6. Bb5 Ne4 7. Nxd4 Bc5 8. Nxc6 Bxf2+ 9. Ke2 Qh4 10. Qxd5 O-O
11. Ne7+ Qxe7 12. Qxe4 Bb6 13. Bd3 f5 14. exf6
1-0

[Event "Open Tournament for SM Members #2"]
[Site "SchemingMind.com"]
[Date "2007.04.24"]
[Round "-"]
[White "smothered mate"]
[Black "Troglodyte"]
[Result "1-0"]
[WhiteCountry "POL"]
[BlackCountry "USA"]
[WhiteElo "1901"]
[WhiteRD "79"]
[BlackElo "1725"]
[BlackRD "75"]
[GameID "102325"]

1. e4 c5 2. c3 Nf6 3. e5 Nd5 4. g3 d6 5. exd6 Qxd6 6. Bg2 Nc6 7. Ne2 e5 8. d4 cxd4 9. cxd4 Bg4 10. dxe5 Qxe5
11. Bxd5 O-O-O 12. Nc3 Bb4 13. Bd2 Rxd5 14. Nxd5 Qxd5 15. Rf1 Qf3 16. Bxb4
1-0

[Event "Open Tournament for SM Members #2"]
[Site "SchemingMind.com"]
[Date "2007.04.25"]
[Round "-"]
[White "ekulrac"]
[Black "smothered mate"]
[Result "0-1"]
[WhiteCountry "SCO"]
[BlackCountry "POL"]
[WhiteElo "1520"]
[WhiteRD "63"]
[BlackElo "1901"]
[BlackRD "79"]
[GameID "102326"]

1. e4 c5 2. Bc4 g6 3. d4 cxd4 4. Nf3 Bg7 5. O-O Nc6 6. c3 d3 7. Qxd3 d6 8. a4 Nf6 9. Bg5 O-O 10. Na3 Ng4
11. Bb3 Nge5 12. Nxe5 Nxe5
0-1

[Event "Open Tournament for SM Members #2"]
[Site "SchemingMind.com"]
[Date "2007.04.25"]
[Round "-"]
[White "Troglodyte"]
[Black "smothered mate"]
[Result "0-1"]
[WhiteCountry "USA"]
[BlackCountry "POL"]
[WhiteElo "1725"]
[WhiteRD "75"]
[BlackElo "1901"]
[BlackRD "79"]
[GameID "102327"]

1. d4 d6 2. e4 Nf6 3. Nc3 e5 4. Nf3 Nbd7 5. Bc4 Be7 6. O-O h6 7. dxe5 dxe5 8. Qe2 c6 9. Rd1 Qc7 10. Be3 Nf8
11. Nh4 g5 12. Nf5 Ng6 13. Nxe7 Qxe7 14. Rd2 Nf4 15. Qe1 Be6 16. Bb3 h5
0-1

[Event "Open Tournament for SM Members #2"]
[Site "SchemingMind.com"]
[Date "2007.04.26"]
[Round "-"]
[White "Montego"]
[Black "smothered mate"]
[Result "0-1"]
[WhiteCountry "PHI"]
[BlackCountry "POL"]
[WhiteElo "1634"]
[WhiteRD "106"]
[BlackElo "2008"]
[BlackRD "75"]
[GameID "102406"]

1. e4 c5 2. Nf3 Nc6 3. g3 g6 4. Bg2 Bg7 5. O-O d6 6. Re1 e5 7. c3 Nf6 8. Na3 O-O 9. Nc2 Bg4 10. h3 Bxf3
11. Bxf3 Qd7 12. Bg2 b5 13. d3 a5 14. Bg5 b4 15. Qc1 a4 16. Bh6 Qc7 17. Bxg7 Kxg7 18. f4 a3 19. cxb4 axb2 20. Qxb2 Rfb8
21. b5 Nd7 22. a4 Nd4 23. Nxd4 cxd4 24. Rec1 Qa5 25. Bf3 Nc5 26. Qc2 Nxa4 27. Kf1 Qc3 28. Qb1 Qb2 29. Qxb2 Nxb2 30. Rxa8 Rxa8
31. Rc6 Nxd3 32. Rxd6 f6
0-1

[Event "Open Tournament for SM Members #2"]
[Site "SchemingMind.com"]
[Date "2007.04.30"]
[Round "-"]
[White "smothered mate"]
[Black "Montego"]
[Result "1-0"]
[WhiteCountry "POL"]
[BlackCountry "PHI"]
[WhiteElo "1901"]
[WhiteRD "79"]
[BlackElo "1822"]
[BlackRD "142"]
[GameID "102409"]

1. e4 g6 2. f4 Bg7 3. Nf3 Nf6 4. d3 O-O 5. g3 d6 6. Bg2 Nc6 7. O-O Bg4 8. Qe1 Qd7 9. f5 gxf5 10. h3 Bxf3
11. Rxf3 fxe4 12. dxe4 Nd4 13. Rf2 c5 14. c3 Nc6 15. Bf4 Rac8 16. Nd2 b5 17. Nf3 b4 18. Rd1 bxc3 19. e5 Nh5 20. bxc3 Nxf4
21. gxf4 d5 22. Rfd2 e6 23. c4 d4 24. Ng5 Ne7 25. Be4 h6 26. Nh7 Rfd8 27. Rg2 Kh8 28. Qh4 Qa4 29. Bc2 Qxc4 30. Qxe7
1-0

[Event "Open Tournament for SM Members #2"]
[Site "SchemingMind.com"]
[Date "2007.04.26"]
[Round "-"]
[White "Archon"]
[Black "smothered mate"]
[Result "0-1"]
[WhiteCountry "CAN"]
[BlackCountry "POL"]
[WhiteElo "1692"]
[WhiteRD "57"]
[BlackElo "1757"]
[BlackRD "112"]
[GameID "102486"]

1. e4 c5 2. Nc3 g6 3. f4 Bg7 4. Nf3 Nc6 5. Bb5 Qc7 6. d3 e6 7. O-O Nge7 8. Kh1 a6 9. Bxc6 Nxc6 10. Be3 b6
11. Qd2 Bb7 12. h3 O-O-O 13. a4 d5 14. d4 dxe4 15. Nxe4 cxd4 16. Bg1 Ne7 17. Rfe1 Nf5 18. Qd3 Bxe4 19. Rxe4 Ng3+ 20. Kh2 Nxe4
21. Qxe4 f5 22. Qd3 Qxf4+ 23. Kh1 Kb7 24. a5 b5 25. Rf1 Qe4 26. Qa3 Rd7 27. Re1 Qc6 28. Ne5 Bxe5 29. Rxe5 Qd6 30. Qxd6 Rxd6
31. Rc5 Rc8
0-1

[Event "Open Tournament for SM Members #2"]
[Site "SchemingMind.com"]
[Date "2007.04.26"]
[Round "-"]
[White "Archon"]
[Black "Troglodyte"]
[Result "1-0"]
[WhiteCountry "CAN"]
[BlackCountry "USA"]
[WhiteElo "1706"]
[WhiteRD "57"]
[BlackElo "1725"]
[BlackRD "75"]
[GameID "102487"]

1. e4 c5 2. Nc3 Nc6 3. f4 g6 4. Nf3 Bg7 5. Bb5 a6 6. Bxc6 bxc6 7. O-O Nf6 8. d3 O-O 9. Be3 Ng4 10. Bxc5 d6
11. Ba3 Ne3 12. Qe2
1-0

[Event "Open Tournament for SM Members #2"]
[Site "SchemingMind.com"]
[Date "2007.04.26"]
[Round "-"]
[White "Archon"]
[Black "Montego"]
[Result "0-1"]
[WhiteCountry "CAN"]
[BlackCountry "PHI"]
[WhiteElo "1692"]
[WhiteRD "57"]
[BlackElo "2003"]
[BlackRD "207"]
[GameID "102488"]

1. e4 g6 2. d4 Bg7 3. Nc3 Nh6 4. h4 f6 5. g4 d6 6. g5 Nf7 7. f4 e5 8. Nf3 Bg4 9. Be2 Nc6 10. Be3 exf4
11. Bxf4 Bxf3 12. Bxf3 fxg5 13. hxg5 Nxd4 14. Rg1 Qe7 15. Bg4 O-O 16. Qd2 Ne5 17. O-O-O Nxg4 18. Rxg4 Rf7 19. Rh1 Raf8 20. Nd5 Qxe4
21. Nf6+ Bxf6 22. gxf6 Qxh1+ 23. Qd1 Ne2+
0-1

[Event "Open Tournament for SM Members #2"]
[Site "SchemingMind.com"]
[Date "2007.04.26"]
[Round "-"]
[White "smothered mate"]
[Black "Archon"]
[Result "1-0"]
[WhiteCountry "POL"]
[BlackCountry "CAN"]
[WhiteElo "1685"]
[WhiteRD "149"]
[BlackElo "1667"]
[BlackRD "58"]
[GameID "102490"]

1. e4 d6 2. f4 Nf6 3. d3 g6 4. g3 Bg7 5. Bg2 O-O 6. Ne2 c5 7. O-O Nc6 8. c3 Bg4 9. h3 Bxe2 10. Qxe2 Nd7
11. f5 e6 12. Bf4 Nde5 13. Nd2 exf5 14. exf5 Bf6 15. Bh6 Re8 16. fxg6 fxg6 17. Bd5+ Nf7 18. Qxe8+ Qxe8 19. Rxf6
1-0

[Event "Open Tournament for SM Members #2"]
[Site "SchemingMind.com"]
[Date "2007.04.26"]
[Round "-"]
[White "Troglodyte"]
[Black "Archon"]
[Result "0-1"]
[WhiteCountry "USA"]
[BlackCountry "CAN"]
[WhiteElo "1725"]
[WhiteRD "75"]
[BlackElo "1706"]
[BlackRD "57"]
[GameID "102491"]

1. d4 Nf6 2. c4 e6 3. Nc3 Bb4 4. Qc2 Nc6 5. Nf3 d6 6. e4 e5 7. d5 Bxc3+ 8. bxc3 Nb8 9. Be2 Nbd7 10. Be3 O-O
11. O-O b6
0-1

[Event "Open Tournament for SM Members #2"]
[Site "SchemingMind.com"]
[Date "2007.04.26"]
[Round "-"]
[White "Montego"]
[Black "Archon"]
[Result "0-1"]
[WhiteCountry "PHI"]
[BlackCountry "CAN"]
[WhiteElo "1634"]
[WhiteRD "106"]
[BlackElo "1707"]
[BlackRD "52"]
[GameID "102492"]

1. f4 g6 2. Nf3 d5 3. e3 Bg7 4. d4 Nh6 5. Nc3 Bg4 6. h3 Bxf3 7. Qxf3 e6 8. Bd2 Nd7 9. g4 f5 10. g5 Nf7
11. h4 Qe7 12. h5 O-O-O 13. h6 Bf8 14. Bd3 c5 15. Nb5 Kb8 16. c3 c4 17. Bc2 Nd6 18. Nxd6 Qxd6 19. b3 Nb6 20. O-O Rc8
21. a4 cxb3 22. Bxb3 Nc4 23. Bxc4 Rxc4 24. Rfb1 Qc7 25. Qd1 Bd6 26. a5 a6 27. Rb6 Ka8 28. Qb3 Rb8 29. Kf2 Qd7 30. Ke2 Bc7
31. Rb4 Rxb4 32. Qxb4 Bd6 33. Qa4 Qxa4 34. Rxa4 Ka7 35. Kd3 b6
0-1

[Event "Open Tournament for SM Members #2"]
[Site "SchemingMind.com"]
[Date "2007.04.27"]
[Round "-"]
[White "keysersoze"]
[Black "ekulrac"]
[Result "0-1"]
[WhiteCountry "BIH"]
[BlackCountry "SCO"]
[WhiteElo "1327"]
[WhiteRD "153"]
[BlackElo "1670"]
[BlackRD "56"]
[GameID "102553"]

1. Nf3 Nc6 2. e4 e5 3. Bb5 a6 4. Ba4 Nf6 5. O-O b5 6. Bb3 Be7 7. Re1 d6 8. c3 Na5 9. Bc2 c5 10. d4 Qc7
0-1

[Event "Open Tournament for SM Members #2"]
[Site "SchemingMind.com"]
[Date "2007.04.28"]
[Round "-"]
[White "Andavar"]
[Black "Archon"]
[Result "1-0"]
[WhiteCountry "ESP"]
[BlackCountry "CAN"]
[WhiteElo "1760"]
[WhiteRD "260"]
[BlackElo "1667"]
[BlackRD "58"]
[GameID "102641"]

1. e4 d6 2. d4 Nf6 3. Nc3 g6 4. f4 Bg7 5. Nf3 c5 6. Bb5+ Bd7 7. e5 Ng4 8. e6 fxe6 9. Ng5 Bxb5 10. Nxb5 Qa5+
11. c3 Qxb5 12. Qxg4 cxd4 13. Nxe6 Kf7 14. Ng5+ Kg8 15. Qe6+
1-0

[Event "Open Tournament for SM Members #2"]
[Site "SchemingMind.com"]
[Date "2007.04.27"]
[Round "-"]
[White "Andavar"]
[Black "ekulrac"]
[Result "0-1"]
[WhiteCountry "ESP"]
[BlackCountry "SCO"]
[WhiteElo "1454"]
[WhiteRD "142"]
[BlackElo "1728"]
[BlackRD "65"]
[GameID "102642"]

1. e4 Nc6 2. Nf3 e5 3. Bb5 a6 4. Ba4 Nf6 5. O-O b5 6. Bb3 Be7 7. Re1 d6 8. c3 Na5 9. Bc2 c5 10. d4 Qc7
11. Nbd2 O-O
0-1

[Event "Open Tournament for SM Members #2"]
[Site "SchemingMind.com"]
[Date "2007.04.27"]
[Round "-"]
[White "Andavar"]
[Black "smothered mate"]
[Result "0-1"]
[WhiteCountry "ESP"]
[BlackCountry "POL"]
[WhiteElo "1454"]
[WhiteRD "118"]
[BlackElo "1901"]
[BlackRD "79"]
[GameID "102643"]

1. e4 c5 2. Nf3 Nc6 3. d4 cxd4 4. Nxd4 e5 5. Nb5 d6 6. N1c3 a6 7. Na3 b5 8. Nd5 Nge7 9. c4 Nd4 10. cxb5 Nxd5
11. exd5 Be7 12. Bd3 Bb7 13. O-O Bxd5 14. Be3 Ne6 15. bxa6 O-O 16. Bxh7+ Kxh7 17. Qxd5 Nc7 18. Qd3+ f5 19. a7 g6
0-1

[Event "Open Tournament for SM Members #2"]
[Site "SchemingMind.com"]
[Date "2007.05.02"]
[Round "-"]
[White "Andavar"]
[Black "Montego"]
[Result "0-1"]
[WhiteCountry "ESP"]
[BlackCountry "PHI"]
[WhiteElo "1454"]
[WhiteRD "118"]
[BlackElo "1822"]
[BlackRD "142"]
[GameID "102646"]

1. e4 g6 2. Nf3 Bg7 3. d4 Nh6 4. Nc3 f6 5. Be3 Nf7 6. Qd2 O-O 7. O-O-O c6 8. h4 d5 9. h5 g5 10. h6 Nxh6
11. Bd3 Na6
0-1

[Event "Open Tournament for SM Members #2"]
[Site "SchemingMind.com"]
[Date "2007.04.28"]
[Round "-"]
[White "Archon"]
[Black "Andavar"]
[Result "1-0"]
[WhiteCountry "CAN"]
[BlackCountry "ESP"]
[WhiteElo "1706"]
[WhiteRD "57"]
[BlackElo "1454"]
[BlackRD "118"]
[GameID "102647"]

1. e4 e5 2. Nf3 Nf6 3. Nxe5 d6 4. Nf3 Nxe4 5. Nc3 Nxc3 6. dxc3 Be7 7. Be3 Nc6 8. Qd2 O-O 9. O-O-O Ne5 10. Kb1 Be6
11. Nd4 Nc4 12. Bxc4 Bxc4 13. h4 Qd7 14. h5 Rfe8 15. h6 g6 16. f4 f5 17. Rdg1 Bf6 18. Nxf5
1-0

[Event "Open Tournament for SM Members #2"]
[Site "SchemingMind.com"]
[Date "2007.04.27"]
[Round "-"]
[White "ekulrac"]
[Black "Andavar"]
[Result "1-0"]
[WhiteCountry "SCO"]
[BlackCountry "ESP"]
[WhiteElo "1728"]
[WhiteRD "65"]
[BlackElo "1454"]
[BlackRD "142"]
[GameID "102648"]

1. e4 e5 2. Nf3 Nc6 3. Bb5 a6 4. Bxc6 dxc6 5. O-O Bd6 6. d3 Nf6 7. Bg5 h6 8. Bh4 Qe7 9. Nbd2 Bg4 10. Re1 g5
11. Bg3
1-0

[Event "Open Tournament for SM Members #2"]
[Site "SchemingMind.com"]
[Date "2007.04.27"]
[Round "-"]
[White "smothered mate"]
[Black "Andavar"]
[Result "1-0"]
[WhiteCountry "POL"]
[BlackCountry "ESP"]
[WhiteElo "1901"]
[WhiteRD "79"]
[BlackElo "1454"]
[BlackRD "118"]
[GameID "102649"]

1. e4 e5 2. Nf3 Nc6 3. Bb5 a6 4. Ba4 Nf6 5. O-O b5 6. Bb3 Bb7 7. Re1 Bc5 8. c3 d6 9. d4 Bb6 10. Bg5 h6
11. Bh4 O-O 12. dxe5 dxe5 13. Qxd8 Raxd8 14. Bxf6 gxf6 15. Nbd2 Na5 16. Bc2 c5 17. Nf1 Nc4 18. Ng3 Nxb2 19. Nf5
1-0

[Event "Open Tournament for SM Members #2"]
[Site "SchemingMind.com"]
[Date "2007.04.28"]
[Round "-"]
[White "mkefeli"]
[Black "Archon"]
[Result "1-0"]
[WhiteCountry "TUR"]
[BlackCountry "CAN"]
[WhiteElo "2085"]
[WhiteRD "86"]
[BlackElo "1706"]
[BlackRD "57"]
[GameID "102653"]

1. d4 Nf6 2. Nf3 e6 3. g3 b5 4. a4 b4 5. c4 c5 6. Bg2 Bb7 7. O-O Be7 8. dxc5 Bxc5 9. Nbd2 a5 10. Nb3 Be7
11. Bf4 d6 12. Rc1 Na6 13. h3 O-O 14. Be3 Rc8 15. Nfd4 Bxg2 16. Kxg2 Nc5 17. Nxc5 dxc5 18. Nb3 Qc7 19. Qc2 Qc6+ 20. Kg1 Qc7
21. Bf4 Bd6 22. Bxd6 Qxd6 23. Nxa5 Qa6 24. Nb3 Qxa4 25. Ra1 Qc6 26. Ra5 Nd7 27. Rfa1 Ra8 28. Qd3 Rxa5 29. Rxa5 Rc8 30. Qe3 g6
31. h4 h5 32. Nd2 Ra8 33. Rxa8+ Qxa8 34. Qd3 Qc6 35. Ne4 Qc7 36. Qxd7 Qxd7 37. Nf6+ Kf8 38. Nxd7+
1-0

[Event "Open Tournament for SM Members #2"]
[Site "SchemingMind.com"]
[Date "2007.04.27"]
[Round "-"]
[White "mkefeli"]
[Black "smothered mate"]
[Result "1-0"]
[WhiteCountry "TUR"]
[BlackCountry "POL"]
[WhiteElo "2075"]
[WhiteRD "81"]
[BlackElo "1685"]
[BlackRD "149"]
[GameID "102655"]

1. d4 g6 2. e4 Bg7 3. f4 d6 4. Nf3 Bg4 5. Be3 Nd7 6. Bd3 e5 7. c3 Ne7 8. O-O f5 9. fxe5 dxe5 10. Qb3 f4
11. Ng5 Nf6 12. Bb5+ c6 13. dxe5 fxe3 14. exf6 e2 15. Bxe2 Bxf6 16. Bxg4
1-0

[Event "Open Tournament for SM Members #2"]
[Site "SchemingMind.com"]
[Date "2007.05.02"]
[Round "-"]
[White "mkefeli"]
[Black "Montego"]
[Result "1-0"]
[WhiteCountry "TUR"]
[BlackCountry "PHI"]
[WhiteElo "2064"]
[WhiteRD "91"]
[BlackElo "1634"]
[BlackRD "106"]
[GameID "102658"]

1. d4 d5 2. Nf3 Nf6 3. g3 g6 4. Bg2 Bg7 5. O-O O-O 6. b3 Nbd7 7. Bb2 c6 8. c4 e6 9. Nc3 Nb6 10. Qd3 Qc7
11. Rac1 Re8 12. e4 dxe4 13. Nxe4 Nxe4 14. Qxe4 Nd7 15. Ng5 Nf6 16. Qe2 h6 17. Nf3 Qa5 18. Bc3 Qh5 19. Rfe1 Bd7 20. Ne5 Qxe2
21. Rxe2 Rad8 22. b4 Bc8 23. a4 Nd7 24. f4 Nf8 25. b5
1-0

[Event "Open Tournament for SM Members #2"]
[Site "SchemingMind.com"]
[Date "2007.04.27"]
[Round "-"]
[White "mkefeli"]
[Black "Andavar"]
[Result "1-0"]
[WhiteCountry "TUR"]
[BlackCountry "ESP"]
[WhiteElo "2085"]
[WhiteRD "86"]
[BlackElo "1454"]
[BlackRD "118"]
[GameID "102659"]

1. d4 d5 2. Nf3 Nf6 3. g3 e6 4. Bg2 Be7 5. O-O O-O 6. b3 c5 7. Bb2 Nc6 8. c4 dxc4 9. bxc4 cxd4 10. Nxd4 Nxd4
11. Qxd4 Qxd4 12. Bxd4
1-0

[Event "Open Tournament for SM Members #2"]
[Site "SchemingMind.com"]
[Date "2007.04.30"]
[Round "-"]
[White "Archon"]
[Black "mkefeli"]
[Result "0-1"]
[WhiteCountry "CAN"]
[BlackCountry "TUR"]
[WhiteElo "1706"]
[WhiteRD "57"]
[BlackElo "2085"]
[BlackRD "86"]
[GameID "102660"]

1. e4 c5 2. Nc3 Nc6 3. f4 g6 4. Nf3 Bg7 5. Bb5 d6 6. O-O Bd7 7. d3 a6 8. Bxc6 Bxc6 9. Qe1 Nf6 10. Bd2 O-O
11. Qh4 Nd7 12. Ng5 h6 13. Nf3 e6 14. Qh3 f5 15. Rae1 Re8 16. g4 fxe4 17. Nxe4 Nf6 18. Nxf6+ Qxf6 19. g5 Qf5 20. Qxf5 exf5
21. h4 Bxb2 22. Kf2 Bg7 23. Kg3 h5 24. Kf2 Kf7 25. Ba5 Rxe1 26. Rxe1 Re8 27. Rb1 Re6 28. Bc7 Ke8 29. Bb6 Kd7 30. Ba5 b5
31. Bd2 d5 32. Re1 d4 33. Rxe6 Kxe6 34. Ba5 Bd5 35. a3 Bxf3 36. Kxf3 Kd5 37. Bb6 Bf8 38. Bc7 c4 39. dxc4+ Kxc4
0-1

[Event "Open Tournament for SM Members #2"]
[Site "SchemingMind.com"]
[Date "2007.04.30"]
[Round "-"]
[White "smothered mate"]
[Black "mkefeli"]
[Result "0-1"]
[WhiteCountry "POL"]
[BlackCountry "TUR"]
[WhiteElo "1757"]
[WhiteRD "112"]
[BlackElo "2065"]
[BlackRD "84"]
[GameID "102662"]

1. e4 c5 2. c3 Qa5 3. Nf3 Nc6 4. d4 cxd4 5. b4 Qc7 6. Nxd4 e5 7. Nb5 Qb8 8. Bc4 a6 9. N5a3 Nf6 10. O-O Be7
11. f4 O-O 12. fxe5 Nxe5 13. Bf4 d6 14. Nd2 Qc7 15. Qc2 Nfg4 16. g3 Qb6+ 17. Kg2 g5
0-1

[Event "Open Tournament for SM Members #2"]
[Site "SchemingMind.com"]
[Date "2007.05.02"]
[Round "-"]
[White "Montego"]
[Black "mkefeli"]
[Result "0-1"]
[WhiteCountry "PHI"]
[BlackCountry "TUR"]
[WhiteElo "1634"]
[WhiteRD "106"]
[BlackElo "2064"]
[BlackRD "91"]
[GameID "102665"]

1. e4 c5 2. Nf3 e6 3. g3 Nf6 4. Nc3 a6 5. Bg2 d6 6. O-O Nc6 7. d3 Be7 8. Re1 Qc7 9. b3 O-O 10. Bb2 Nd7
11. Ne2 b5 12. Nf4 Bb7 13. Rc1 Nde5 14. Nxe5 dxe5 15. Qg4 g6 16. Nh3 f5 17. Qe2 Nd4 18. Bxd4 cxd4 19. f3 Bb4 20. Rf1 Rac8
21. Rf2 Rfe8 22. f4 exf4 23. gxf4 a5
0-1

[Event "Open Tournament for SM Members #2"]
[Site "SchemingMind.com"]
[Date "2007.04.27"]
[Round "-"]
[White "Andavar"]
[Black "mkefeli"]
[Result "0-1"]
[WhiteCountry "ESP"]
[BlackCountry "TUR"]
[WhiteElo "1454"]
[WhiteRD "118"]
[BlackElo "2085"]
[BlackRD "86"]
[GameID "102666"]

1. e4 c5 2. Nf3 e6 3. d4 cxd4 4. Nxd4 a6 5. Bd3 Nf6 6. O-O Qc7 7. Qe2 Nc6 8. Nxc6 bxc6 9. e5 Nd5 10. a3 d6
11. c4 Nb6 12. Bf4 Bb7
0-1

[Event "Open Tournament for SM Members #2"]
[Site "SchemingMind.com"]
[Date "2007.04.30"]
[Round "-"]
[White "fourluxflakes"]
[Black "mkefeli"]
[Result "1/2-1/2"]
[WhiteCountry "ENG"]
[BlackCountry "TUR"]
[WhiteElo "1947"]
[WhiteRD "66"]
[BlackElo "2085"]
[BlackRD "89"]
[GameID "102700"]

1. e4 c5 2. Nf3 e6 3. d4 cxd4 4. Nxd4 a6 5. Nc3 Qc7 6. Be2 Nf6 7. O-O Nc6 8. Nxc6 bxc6 9. Re1 e5 10. Bg5 Be7
11. Bxf6 Bxf6 12. Bg4 Rb8 13. Rb1 O-O 14. Qd3 Rb4 15. b3 Rd4 16. Qe2 d5 17. Bxc8 Rxc8 18. Rbd1 Rxd1 19. Rxd1 d4 20. Na4 Qa5
21. Nb2 Qxa2 22. Nc4 Rb8 23. Qd2 h6 24. Qd3 a5 25. f4 exf4 26. e5 Bg5 27. Nd6 a4 28. Qc4 axb3 29. Qxf7+ Kh8 30. Ne8 Rxe8
31. Qxe8+ Kh7 32. Qxc6 f3 33. Qxf3 bxc2 34. Qf5+ Kh8 35. Qc8+ Kh7 36. Qf5+ Kh8 37. Qc8+=
1/2-1/2

[Event "Open Tournament for SM Members #2"]
[Site "SchemingMind.com"]
[Date "2007.04.28"]
[Round "-"]
[White "fourluxflakes"]
[Black "Archon"]
[Result "1-0"]
[WhiteCountry "ENG"]
[BlackCountry "CAN"]
[WhiteElo "1960"]
[WhiteRD "67"]
[BlackElo "1707"]
[BlackRD "52"]
[GameID "102701"]

1. e4 d6 2. d4 Nf6 3. Nc3 g6 4. f4 Bg7 5. Nf3 c5 6. Bb5+ Bd7 7. Bxd7+ Nfxd7 8. d5 b5 9. Nxb5 Qa5+ 10. Nc3 Bxc3+
11. bxc3 Qxc3+ 12. Bd2 Qc4 13. Qe2 Nb6 14. Qe3 N8d7 15. Kf2 f6 16. Qd3 O-O 17. Rhe1 Qxd3 18. cxd3 Kf7 19. Be3 e5 20. fxe5 fxe5
21. Bh6 Rfb8 22. Ng5+ Kg8 23. Ne6 Nf6 24. h3 a5 25. Ke3 Nbd7 26. Rab1 Rb4 27. Rb3 Rab8 28. Reb1 R8b6 29. Nd8 Rxb3 30. Rxb3 Rxb3
31. axb3 Nb8 32. Nb7 Na6 33. Nxd6 Nb4 34. Nc4 Na2 35. Nxa5 Kf7 36. Nb7 Nd7 37. Bg5 Nc1 38. Na5 Na2 39. Kd2 Nb4 40. Be3 Ke7
41. Nb7 Na6 42. Kc3 h5 43. Kc4 Nb4 44. Nxc5 Nc2 45. Bg5+ Kd6 46. Nxd7 Kxd7 47. Kc5
1-0

[Event "Open Tournament for SM Members #2"]
[Site "SchemingMind.com"]
[Date "2007.04.28"]
[Round "-"]
[White "fourluxflakes"]
[Black "smothered mate"]
[Result "1-0"]
[WhiteCountry "ENG"]
[BlackCountry "POL"]
[WhiteElo "1891"]
[WhiteRD "68"]
[BlackElo "1757"]
[BlackRD "112"]
[GameID "102703"]

1. e4 c5 2. Nf3 Nc6 3. Bb5 g6 4. c3 Bg7 5. d4 cxd4 6. cxd4 Qb6 7. Nc3 Nxd4 8. Nd5 Nxf3+ 9. Qxf3 Qd8 10. Bf4 e5
11. Qc3 Kf8 12. Bxe5 f6 13. Bd6+ Kf7 14. Bc4
1-0

[Event "Open Tournament for SM Members #2"]
[Site "SchemingMind.com"]
[Date "2007.05.02"]
[Round "-"]
[White "fourluxflakes"]
[Black "Montego"]
[Result "1-0"]
[WhiteCountry "ENG"]
[BlackCountry "PHI"]
[WhiteElo "1960"]
[WhiteRD "67"]
[BlackElo "1634"]
[BlackRD "106"]
[GameID "102706"]

1. e4 e5 2. Bc4 Nc6 3. Nf3 Bc5 4. O-O Nf6 5. d3 O-O 6. c3 d6 7. Bb3 Be6 8. Bc2 h6 9. Nbd2 Nh7 10. Nb3 Bb6
11. d4 exd4 12. cxd4 Bxb3 13. Bxb3 Kh8 14. Bc2 Nb4 15. Bb1 Re8 16. a3 Nc6 17. b4 a6 18. Re1 Nf6 19. Qd3 Qd7 20. e5 dxe5
21. dxe5
1-0

[Event "Open Tournament for SM Members #2"]
[Site "SchemingMind.com"]
[Date "2007.04.28"]
[Round "-"]
[White "fourluxflakes"]
[Black "Andavar"]
[Result "1-0"]
[WhiteCountry "ENG"]
[BlackCountry "ESP"]
[WhiteElo "1905"]
[WhiteRD "72"]
[BlackElo "1454"]
[BlackRD "118"]
[GameID "102707"]

1. e4 e5 2. Bc4 Nf6 3. d3 Nc6 4. Nf3 Bc5 5. O-O O-O 6. Nbd2 d6 7. c3 a6 8. Bb3 Ba7 9. Nc4 Be6 10. Bg5 h6
11. Be3
1-0

[Event "Open Tournament for SM Members #2"]
[Site "SchemingMind.com"]
[Date "2007.05.02"]
[Round "-"]
[White "mkefeli"]
[Black "fourluxflakes"]
[Result "1/2-1/2"]
[WhiteCountry "TUR"]
[BlackCountry "ENG"]
[WhiteElo "2064"]
[WhiteRD "91"]
[BlackElo "1960"]
[BlackRD "67"]
[GameID "102708"]

1. d4 Nf6 2. Nf3 d5 3. g3 Bg4 4. Bg2 e6 5. O-O Be7 6. Ne5 Bf5 7. c4 c6 8. Nc3 O-O 9. cxd5 cxd5 10. Qb3 Qc8
11. Bf4 Nc6 12. Rfd1 Nxe5 13. Bxe5 Qd7 14. Rac1 Rac8 15. h3 Ne4 16. Nxe4 Bxe4 17. Bf1 Rxc1 18. Rxc1 Rc8 19. Rc3 Rxc3 20. Qxc3 Qc6
21. Qb3 Bc2 22. Qe3 f6 23. Bb8 a6 24. g4 Be4 25. Qd2=
1/2-1/2